Habiter le cybermonde (Record no. 43210)

MARC details
000 -LEADER
fixed length control field 00686 a2200289 4500
037 ## - SOURCE OF ACQUISITION
Source of stock number/acquisition 1, WVSC
037 ## - SOURCE OF ACQUISITION
Stock number L 15188
020 ## - NUMERO INTERNATIONAL NORMALISE DES LIVRES
International Standard Book Number 2-7082-3343-2
100 ## - VEDETTE PRINCIPALE - NOM DE PERSONNE
Personal name Monot, Philippe
100 ## - VEDETTE PRINCIPALE - NOM DE PERSONNE
Language of a work Fr
260 ## - PUBLICATION, DISTRIBUTION, ETC. (IMPRINT)
Place of publication, distribution, etc Paris
260 ## - PUBLICATION, DISTRIBUTION, ETC. (IMPRINT)
Name of publisher, distributor, etc Ed. de l'atelier
260 ## - PUBLICATION, DISTRIBUTION, ETC. (IMPRINT)
Name of publisher, distributor, etc Ed. ouvrières
245 ## - TITLE STATEMENT
Title Habiter le cybermonde
260 ## - PUBLICATION, DISTRIBUTION, ETC. (IMPRINT)
Date of publication, distribution, etc 1998
300 ## - PHYSICAL DESCRIPTION
Extent 188 p.
300 ## - PHYSICAL DESCRIPTION
Other physical details 23 cm
440 ## - SERIES STATEMENT/ADDED ENTRY--TITLE
Title Comment
440 ## - SERIES STATEMENT/ADDED ENTRY--TITLE
International Standard Serial Number 1275-0654
630 ## - SUBJECT ADDED ENTRY--UNIFORM TITLE
Uniform title 62 - Ingenierie. Art de lingenieur. Technologie en general
650 ## - SUBJECT ADDED ENTRY--TOPICAL TERM
Topical term or geographic name as entry element 6 - SCIENCES APPLIQUEES
650 ## - SUBJECT ADDED ENTRY--TOPICAL TERM
Topical term or geographic name as entry element Internet
650 ## - SUBJECT ADDED ENTRY--TOPICAL TERM
Topical term or geographic name as entry element Informatique : réseau et télématique
700 ## - ADDED ENTRY--PERSONAL NAME
Personal name Simon, Michel
Holdings
Withdrawn status Lost status Damaged status Not for loan Location (home branch) Sublocation or collection (holding branch) Date acquired Koha issues (times borrowed) Koha full call number Koha date last seen Price effective from Koha item type
        Bibliothèque Universitaire Centrale Bibliothèque Universitaire Centrale 28/02/2009   621.391 MON 28/02/2009 28/02/2009 Livre


© 2008, Bibliothèques de l'Université d'Abomey-Calavi

04 BP 789 Cotonou, Tél. : +229 21 36 01 01, Fax : +229 21 35 06 32

Courriel : bu@bu.uac.bj